اخطاء الكتابة الاكاديمية في الرسائل والاطروحات العلمية : (رقم التسجيلة. 145103)

تفاصيل مارك
000 -الفاتح
عناصر البيانات ثابتة الطول 00922cam a2200193 i 4500
005 - تاريخ ووقت آخر معاملة
حقل ضبط 20260423121035.0
008 - عناصر البيانات ثابتة الطول
عناصر البيانات ثابتة الطول 250721s2023 ua gr 000 0 ara d
082 14 - رقم تصنيف ديوي العشري
رقم التصنيف 418.2/
رقم المادة م ح م
100 1# - مدخل رئيسي – اسم شخصي
الاسم الشخصي محمود، محمد
علاقة الشخص بالعمل/ دوره المؤلف.
245 10 - بيان العنوان
العنوان اخطاء الكتابة الاكاديمية في الرسائل والاطروحات العلمية :
بقية العنوان نماذج واقعية.... رؤية تحليلية تقويمية /
بيان المسؤولية تأليف الدكتور محمد فاروق حمدي محمود ؛ مراجعة أ.د علي حسن أحمد عبدالله ؛ أ.د رجب محمود أحمد سليمان.
264 31 - بيانات النشر، التوزيع…إلخ
مكان النشر، التوزيع...إلخ عمان :
اسم الناشر، الموزع...إلخ دار شهرزاد،
تاريخ النشر، التوزيع...إلخ 2023.
300 ## - الوصف المادي
عدد الوحدات المكونة للوعاء 486 صفحة.
650 17 - مدخل إضافي بالموضوع - مصطلح موضوعي
مصطلح موضوعي أو اسم جغرافي كعنصر مدخل اللغة العربية.
650 17 - مدخل إضافي بالموضوع - مصطلح موضوعي
مصطلح موضوعي أو اسم جغرافي كعنصر مدخل الرسائل العلمية.
650 17 - مدخل إضافي بالموضوع - مصطلح موضوعي
مصطلح موضوعي أو اسم جغرافي كعنصر مدخل الاسلوب الادبي.
650 17 - مدخل إضافي بالموضوع - مصطلح موضوعي
مصطلح موضوعي أو اسم جغرافي كعنصر مدخل الكتابة.
942 ## - بيانات إضافية (كوها)
نوع التنصيف Dewey Decimal Classification
نوع المادة (كوها) كتب
المقتنيات
حالة السحب حالة الفقدان مصدر التصنيف حالة التلف غير قابل للإعارة المكتبة الرئيسية المكتبة الحالية موقع الرف تاريخ التزويد الرقم المتسلسل Total Checkouts رقم الإستدعاء الباركود تاريخ آخر ظهور تاريخ الفاتورة نوع المادة (كوها)
    Dewey Decimal Classification     المكتبة المركزية المكتبة المركزية الإعارة 28/07/2025 1782211   418.2/محم PLD00506602 28/07/2025 28/07/2025 كتب
    Dewey Decimal Classification     مكتبة أبو علندا العامة مكتبة أبو علندا العامة الإعارة 09/11/2023 1782215   418.2/محم PLD00506696 28/07/2025 09/11/2023 كتب
    Dewey Decimal Classification     مكتبة أم قصير والمقابلين العامة مكتبة أم قصير والمقابلين العامة الإعارة 09/11/2023 1782212   418.2/محم PLD00506693 28/07/2025 09/11/2023 كتب
    Dewey Decimal Classification     مكتبة صويلح العامة مكتبة صويلح العامة الإعارة 09/11/2023 1782214   418.2/محم PLD00506695 28/07/2025 09/11/2023 كتب
Implemented & Customized by: BBB with SCIT (Smart Chains for Information Technology)

Powered by Koha